| 000 | 00504nam a22001817a 4500 | ||
|---|---|---|---|
| 008 | 230630b |||||||| |||| 00| 0 eng d | ||
| 020 | _a978-81-7138-337-5 | ||
| 040 |
_aNational Science Library _cNational Science Library |
||
| 080 |
_a82-31MUD _bQ9 |
||
| 100 | _aMudgal, Chitra | ||
| 245 | _aनाला सोपारा | ||
| 246 | _aNaala sopara | ||
| 260 |
_aNew Delhi: _bSamayik Prakashan, _c2019 |
||
| 300 | _a223p. | ||
| 650 | _aLetters | ||
| 653 | _aLiterature | ||
| 942 |
_2udc _cHBK |
||
| 999 |
_c48468 _d48468 |
||